| 000 | 00669 a2200169 4500 | ||
|---|---|---|---|
| 999 |
_c6586 _d6586 |
||
| 020 | _a9781451624427 (hardcover) | ||
| 050 | 0 | 0 | _aQP751 TEI 2014 |
| 100 | 1 |
_aTeicholz, Nina. _eauthor |
|
| 245 | 1 | 4 |
_aThe big fat surprise : _bwhy butter, meat, and cheese belong in a healthy diet / _cNina Teicholz. |
| 250 | _aFirst Simon & Schuster hardcover edition. | ||
| 264 | 1 |
_aNew York : _bSimon & Schuster, _c[2014] |
|
| 300 |
_aix, 479 pages : _billustrations ; |
||
| 504 | _aIncludes bibliographical references (pages 407-453) and index. | ||
| 650 | 0 | _aLipids in human nutrition. | |
| 650 | 0 | _aSaturated fatty acids in human nutrition. | |
| 942 |
_2lcc _cBK _ehard cover _h751 _iTEI _kQP |
||